000 00695nam a2200241Ia 4500
003 OSt
005 20240829154230.0
008 210331s9999||||xx |||||||||||||| ||und||
040 _cSTCPL
041 _aMAL
041 _hMAL
082 _aM4
_bARU-J
100 _a Arunkumar, N S
_qഎൻ എസ്‌ അരുൺകുമാർ
245 0 _aJaivayudhangalum rasayudhangalum /
_cby N S Arunkumar
_hജൈവായുധങ്ങളും രാസായുധങ്ങളും
260 _aThiruvananthapuram :
_bChintha ,
_c2010 .
300 _a136 p.
_bPB
650 _aMalayalam
650 _aLiterature
650 _aEssays
650 _aGeneral
942 _cBK
942 _2ddc
999 _c69990
_d69990